| 000 | 01638cam a2200445 a 4500 | ||
|---|---|---|---|
| 001 | 20455 | ||
| 003 | VRT | ||
| 005 | 20260122142611.0 | ||
| 008 | 240226s1999 xo gr 000 j slo | ||
| 015 | _aSNBA2004/03-02114 | ||
| 020 | _a8088834465 | ||
| 035 | _aSNK000406355 | ||
| 035 | _aurn:nbn:sk:snk-am3iwji | ||
| 035 | _aFC8FE8F9-B420-4DCA-A395-00DD13CC3333 | ||
| 035 | _aurn:nbn:sk:snk-am00g5wz | ||
| 039 | 9 |
_a202402262143 _bVLOAD _c202205110850 _dVLOAD _c202201070905 _dVLOAD _c202201051654 _dVLOAD |
|
| 040 |
_aSNK _bslo _cSNK _eAACR2 |
||
| 041 | 0 | _aslo | |
| 044 |
_axo _cSK |
||
| 072 | 7 |
_a821.162.4-3 _xSlovenská próza _2konspekt |
|
| 080 |
_a821.162.4-32 _22011 |
||
| 080 |
_a(082.21) _22011 |
||
| 100 | 1 |
_aZechenter-Laskomerský, Gustáv Kazimír, _d1824-1908 _4aut |
|
| 245 | 1 | 0 |
_aŽarty a rozmary _bvýber z tvorby _cGustáv Kazimír Zechenter-Laskomerský, Ľudovít Kubáni |
| 260 |
_aRohovce _bInterpopulart Slovakia _c[1999] |
||
| 300 |
_a129 strán _c21 cm |
||
| 490 | 1 | _aPopulart. Slovenská romanticko-realistická literatúra | |
| 490 | 1 |
_aŠtudentská knižnica _v47. |
|
| 655 | 7 |
_aslovenské poviedky _2SNKPH |
|
| 655 | 7 |
_avýbery _2SNKPH |
|
| 700 | 1 |
_aKubáni, Ľudovít, _d1830-1869 _4aut |
|
| 830 | 0 |
_aPopulart _pSlovenská romanticko-realistická literatúra |
|
| 830 | 0 | _aŠtudentská knižnica | |
| 910 | _asnk | ||
| 942 |
_2ddc _cKLDO _n0 |
||
| 949 |
_6270001000003164 _asvkbbA 94683 _p612.598 |
||
| 949 |
_6270001000003165 _asvkbbA 94683 _p612.597 |
||
| 949 |
_6270001000003163 _asvkbbA 94683 _p613.245 |
||
| 949 |
_617A0378276 _9P60, <03>, [BOOK], {603} _asnkSC 111126 _bsnkKSP 4121/2003 _s6100:20210419 |
||
| 999 |
_c20455 _d20455 |
||